000 01390nam a2200349 i 4500
003 CO-BoRNBP
005 20250225103014.0
007 ta
008 250225b2023 ck a|||| |||| 00| 0 spa d
020 _a9786289603606
040 _aCO-BoRNBP
_bspa
_cCO-BoRNBP
_erda
041 _aspa
_hfre
084 _aH SEC1
100 1 _aSéchan, Lolita
_d1980-
_eautora
_958696
245 _a¡Escóndete que voy!
_cLolita Séchan ; ilustraciones de Camille Jourdy ; traducción Alba Pagán
250 _aEdición especial
264 1 _aBogotá, Colombia,
_bFausto Editores,
_c2023
300 _a34 páginas sin numerar :
_bilustraciones a color y en blanco y negro,
_c18 cm
336 _2rdacontent
_atexto
_btxt
337 _2rdamedia
_asin mediación
_bn
338 _2rdacarrier
_avolumen
_bnc
490 _aPlan Nacional de Lectura, Escritura y Oralidad/Ministerio de Cultura
521 _aRecomendado par un público infantil a partir de los 6 años
534 _tCachée ou pas, j’arrive!
650 1 7 _2ARMARC
_aHistorietas infantiles francesas
_vSiglo XXI
_958697
650 1 7 _2ARMARC
_aLiteratura infantil francesa
_vSiglo XXI
_958698
650 1 7 _2ARMARC
_aHistorias de aventuras en la literatura
_958699
650 1 7 _2ARMARC
_aJuegos infantiles en la literatura
_929192
700 1 _aJourdy, Camille
_eilustrador
_958700
700 1 _aPagán, Alba
_etraductor
_958701
942 _2ddc
_cBKINF
999 _c56953
_d56953